|
|
|
|
| LEADER |
00000nta a2200000 i 4500 |
| 001 |
dolg33904 |
| 005 |
20210617110825.0 |
| 008 |
210617suuuu hu om 000 hun d |
| 040 |
|
|
|a BGE Dolgozattár Repozitórium
|b hun
|
| 041 |
|
|
|a hu
|
| 100 |
1 |
|
|a Tari Balázs
|
| 245 |
1 |
3 |
|a Az újautó-értékesítés szerkezetének változása az EU-szabályozás magyarországi bevezetésével
|c Tari Balázs
|h [elektronikus dokumentum]
|
| 695 |
|
|
|a Autókereskedelem
|
| 695 |
|
|
|a EU-jogharmonizáció
|
| 700 |
1 |
|
|a Marosán Dr. György
|e ths
|
| 700 |
1 |
|
|a Maróthy Miklós
|e ths
|
| 856 |
4 |
0 |
|u http://dolgozattar.uni-bge.hu/33904/1/D_10192.pdf
|z Dokumentum-elérés
|